[Event "Bogota Mayores Alcaldia op 8th"]
[Site "Bogota"]
[Date "2018.06.09"]
[Round "3"]
[White "Madera Gaona, Jeferson Santiago"]
[Black "Campos Cruz, Felix Antonio"]
[Result "0-1"]
[WhiteElo "1523"]
[BlackElo "1310"]
[PlyCount "62"]
[EventDate "2018.06.08"]
[EventType "swiss"]
[EventRounds "7"]
[EventCountry "COL"]
[SourceTitle "CBM 184 Extra"]
[Source "ChessBase"]
[SourceDate "2018.06.28"]
[SourceVersion "1"]
[SourceVersionDate "2018.06.28"]
[SourceQuality "1"]

1. e4 e5 2. Nf3 Nc6 3. Bb5 a6 4. Bxc6 dxc6 5. Nxe5 Bd6 6. Nf3 Nf6 7. Nc3 0-0 8. 0-0 Re8 9. d4 Nxe4 10. Nxe4 Rxe4 11. Qd3 Bf5 12. Ng5 Bg6 13. Nxe4 Qh4 14. g3 Qh3 15. Qe3 Re8 16. Nf6+ gxf6 17. Qxe8+ Kg7 18. b4 h5 19. c4 h4 20. Qe3 hxg3 21. fxg3 Bxb4 22. Rb1 Bxb1 23. c5 Ba5 24. Qf4 f5 25. Bd2 Be4 26. Rf2 b6 27. Bxa5 bxa5 28. Qxc7 Qg4 29. Qe5+ f6 30. Qc7+ Kg6 31. Kf1 Qd1# 0-1